Normal view MARC view
  • Álvaro García, Salvador

Entry Nombre Personal

Number of records used in: 1

001 - NUMERO DE CONTROL

  • campo de control: 44629

003 - IDENTIFICADOR DE NUMERO DE CONTROL

  • campo de control: UPN

005 - FECHA Y HORA DE LA ÜLTIMA TRANSACCIÓN

  • campo de control: 20220530135235.0

008 - DATOS DE LONGITUD FIJA

  • campo de control de longitud fija: 220530nn aca||abbn | a|a d

040 ## - FUENTE DE CATALOGACIÓN

  • Agencia original de catalogación: MX-MxUPN

100 1# - ENCABEZAMIENTO - NOMBRE PERSONAL

  • Nombre personal: Álvaro García, Salvador

670 ## - FUENTE EN LA QUE SE LOCALIZARON DATOS

  • Cita de la fuente: Las 500 dudas mas frecuentes del español, 2014:
  • Información localizada: portada (Salvador Álvaro García)

902 ## - CATALOGADOR

  • Catalogador: VAGG/300522